000 00841nam a2200265Ia 4500
003 OSt
005 20220930090035.0
006 a|||||r|||| 00| 0
007 ta
008 220926b |||||||| |||| 00| 0 eng d
024 _a108523
037 _cTheses
040 _aCRL
_cCRL
_beng
041 _2eng
_aeng
100 _aAjay Kumar
110 _aUniversity of Delhi. Faculty of Medical Sciences. Department of Surgery
245 0 _aRole of hyperbilirubinemia
_b A new diagnostic tool as a [predictor of gangrenous/perforated appendicitis
260 _c2010
300 _a91p.
_ap.
_ccm.
650 _aSURGERY
700 _a Dr. Neeraj Saxena Gu.
_9541773
700 _aUniversity of Delhi. Faculty of Medical Sciences. Department of Surgery
942 _cDIS
_2CC
999 _c879963
_d879963